| 000 | 07097ncm0a2200493 4500 | ||
|---|---|---|---|
| 001 | RU\NLR\ONIZ\218644 | ||
| 005 | 20250626062640.0 | ||
| 035 | _a(NLR Aleph) 011415135 | ||
| 071 | 2 | 0 | _aс 3986 к |
| 090 |
_a11580373 _c11580373 |
||
| 100 | _a20170606d2005 |||y0rusy50 ca | ||
| 101 | 0 |
_aeng _arus |
|
| 102 | _aRU | ||
| 125 | _axb | ||
| 145 | 0 | _ab | |
| 200 | 1 |
_aКлассические пьесы для скрипки и фортепиано _bНоты _dClassical pieces for violin and piano _zeng _fред.-сост. С. Л. Гринберг _gред. партии скрипки С. М. Шальман |
|
| 208 | _aКлавир и партия | ||
| 210 |
_aСанкт-Петербург _cКомпозитор-Санкт-Петербург _d2005 |
||
| 215 |
_a51 с., 1 парт. (32 с.) _d30 см |
||
| 225 | 1 | _aЗолотой репертуар скрипача | |
| 300 | _aНа обл.: Транскрипции знаменитых скрипачей | ||
| 313 | _aСистематизация документа проведена по изданию - Методика классифицирования музыкальных произведений (нотных изданий) по таблицам Библиотечно-библиографических классификаций : метод. рекомендации / Гос. б-ка СССР им. В.И. Ленина.- М., 1977. Индексу ББК методических рекомендаций присваивается код ББК для научных библиотек - LBC/SL | ||
| 327 | 1 |
_a1. Фолиа : вариации на народную танцевальную тему / А. Корелли ; транскр. Ю. Леонара. _a2. Ариозо из кантаты № 156 / И. С. Бах ; транскр. Е. Хубаи. _a3. Рондо : [из Хаффнер-серенады KV 240b=250] / В. А. Моцарт ; транскр. Ф. Крейслера. _a4. Литовская песня / Ф. Шопен ; транскр. Л. Ауэра. _a5. Два венгерских танца : № 8, № 16 / И. Брамс ; транскр. И. Иоахима. _a6. Серенада : А. Бородин / транскр. Я. Хейфеца. _a7. Andante cantabile / П. И. Чайковский ; транскр. Ф. Лауба |
|
| 464 | 0 |
_12001#$aФолиа$eвариации на народную танцевальную тему$fА. Корелли$gтранскр. Ю. Леонара _1215##$aС.3-12, парт. (с. 2-9) _1700#1$9z01790$aКорелли$bА.$gАрканджело$f1653-1713$4230$7ca _1702#1$9z02790$aЛеонар$bЮ.$gЮбер$f1819-1980$4030$7ca _1790#1$9z01700$aCorelli$bA.$gArcangelo$f1653-1713$4230$7ba _1790#1$9z02702$aLéonard$bH.$gHubert$4030$7ba _tФолиа _aКорелли, Арканджело (1653-1713) |
|
| 464 | 0 |
_12001#$aАриозо из кантаты № 156$fИ. С. Бах$gтранскр. Е. Хубаи _1215##$aС.13-14, парт. (с. 10-11) _150000$aКантата № 156$iАриозо$bНоты$sтранскр.$rскрипка$rфортепиано _1700#1$9z01790$aБах$bИ. С.$gИоганн Себастьян$f1685-1750$4230$7ca _1702#1$9z02790$aХубаи$bЕ.$gЕнё$f1858-1937$4030$7ca _1790#1$9z01700$aBach$bJ. S.$gJohann Sebastian$f1685-1750$4230$7ba _1790#1$9z02702$aHubay$bJ. von S.$gJenő von Szalatna$f1858-1937$4030$7ba _tАриозо из кантаты № 156 _aБах, Иоганн Себастьян (1685-1750) |
|
| 464 | 0 |
_12001#$aРондо$e[из Хаффнер-серенады KV 240b=250]$fВ. А. Моцарт$gтранскр. Ф. Крейслера _1215##$aС.15-28, парт. (с. 11-20) _150000$aХаффнер-серенада KV 240b=250$iРондо$bНоты$wтранскр.$rскрипка$rфортепиано _1700#1$9z01790$aМоцарт$bВ. А.$gВольфганг Амадей$f1756-1791$4230$7ca _1702#1$9z02790$aКрейслер$bФ.$gФриц$f1875-1962$4030$7ca _1790#1$9z01700$aMozart$bW. A.$gWolfgang Amadeus$f1756-1791$4230 _1790#1$9z02702$aKreisler$bF.$gFritz$f1875-1962$4030$7ba _tРондо _aМоцарт, Вольфганг Амадей (1756-1791) |
|
| 464 | 0 |
_12001#$aЛитовская песня$fФ. Шопен$gтранскр. Л. Ауэра _1215##$aС.29-32, парт. (с. 20-23) _1700#1$9z01790$aШопен$bФ. (Ф.)$gФредерик (Францишек)$f1810-1849$4230$7ca _1702#1$9z02790$aАуэр$bЛ. С.$gЛеопольд Семёнович$f1845-1930$4030$7ca _1790#1$9z01700$aChopin$bF. (F.)$gFrédéric (François)$f1810-1849$4230$7ba _1790#1$9z02702$aAuêr$bL. S.$gLeopol`d Semenovič$f1845-1930$4030$7ba _tЛитовская песня _aШопен, Фредерик (Францишек) (1810-1849) |
|
| 464 | 0 |
_12001#$aДва венгерских танца$e№ 8, № 16$fИ. Брамс$gтранскр. И. Иоахима _1215##$aС.33-42, парт. (с. 23-28) _150000$aВенгерские танцы (2)$i№ 16$i№ 8$wтранскр.$rскрипка$rфортепиано _1700#1$9z01790$aБрамс$bИ.$gИоганнес$f1833-1897$4230$7ca _1702#1$9z02790$aЙоахим$bЙ.$gЙозеф$f1831-1907$4030$7ca _1790#1$9z01700$aBrahms$bJ.$gJohannes$f1833-1897$4230$7ba _1790#1$9z02702$aJoachim$bJ.$gJoseph$ccomposer, violinist$f1831-1907$4030$7ba _tДва венгерских танца _aБрамс, Иоганнес (1833-1897) |
|
| 464 | 0 |
_12001#$aСеренада$eА. Бородин$fтранскр. Я. Хейфеца _1215##$aС.43-45, парт. (с. 28-29) _1700#1$9z01790$aБородин$bА. П.$gАлександр Порфирьевич$f1833-1887$4230$7ca _1702#1$9z02790$aХейфец$bЯ.$gЯша$f1901-1987$4030$7ca _1790#1$9z01700$aBorodin$bA. P.$gAleksandr Porfir`evič$f1833-1887$4230$7ba _1790#1$9z02702$aHeifetz$bY.$gYascha$f1901-1987$4030$7ba _tСеренада _aБородин, Александр Порфирьевич (1833-1887) |
|
| 464 | 0 |
_12001#$aAndante cantabile$fП. И. Чайковский$gтранскр. Ф. Лауба _1215##$aС.46-51, парт. (с. 30-32) _1700#1$9z01790$aЧайковский$bП. И.$gПетр Ильич$f1840-1893$4230$7ca _1702#1$9z02790$aЛауб$bФ.$gФердинанд$f1832-1875$4030$7ca _1790#1$9z01700$aTchaikovsky$bP. I.$gPeter Ilyich$f1840-1893$4230$7ba _1790#1$9z02702$aLaub$bF.$gFerdinand$f1832-1875$4030 _tAndante cantabile _aЧайковский, Петр Ильич (1840-1893) |
|
| 606 | 1 |
_aТранскрипции для скрипки и фортепиано _jНоты _2nlr_sh |
|
| 686 |
_aЩ955.4-42-09я43 _vLBC/SL _2rubbk |
||
| 700 | 1 |
_9z05790 _aГринберг _bС. Л. _cред.-сост. _f1947- _gСергей Львович _4340 _7ca |
|
| 702 | 1 |
_9z04790 _aШальман _bС. М. _cсост., ред. _f1945- _gСавелий Маркович _4340 _7ca |
|
| 790 | 1 |
_9z04702 _aShalman _bS. _f1945- _gSavelij _4340 _7ba |
|
| 790 | 1 |
_9z05700 _aGrinberg _bS. _gSergej _4340 _7ba |
|
| 801 | 0 |
_aRU _bNLR _c20170606 _gPSBO |
|
| 801 | 1 |
_aRU _bNLR _c20170606 _2rusmarc |
|
| 801 | 2 |
_aRU _bNLR _c20180926 |
|
| 852 |
_aNLR _bМ _jК-3/28423 _p259147 _t1 |
||
| 942 | _cSCORE | ||
| 980 | _aNB | ||
| 980 | _aONIZ | ||